Gong si fa / (Record no. 12926)

MARC details
000 -LEADER
fixed length control field 00749cam a22002537a 4500
001 - CONTROL NUMBER
control field c 67000578
003 - CONTROL NUMBER IDENTIFIER
control field DLC
005 - DATE AND TIME OF LATEST TRANSACTION
control field 20260227111036.0
008 - FIXED-LENGTH DATA ELEMENTS--GENERAL INFORMATION
fixed length control field 090715s1956 ch 000 0 eng
010 ## - LIBRARY OF CONGRESS CONTROL NUMBER
LC control number c 67000578
040 ## - CATALOGING SOURCE
Original cataloging agency DLC
Transcribing agency DLC
043 ## - GEOGRAPHIC AREA CODE
Geographic area code a-ch---
050 00 - LIBRARY OF CONGRESS CALL NUMBER
Classification number KNP107.5
Item number .Z58 1956
066 ## - CHARACTER SETS PRESENT
Alternate G0 or G1 character set $1
100 1# - MAIN ENTRY--PERSONAL NAME
Personal name Ju, William Chia-chiun,
Dates associated with a name 1925-
245 10 - TITLE STATEMENT
Linkage 880-01
Title Gong si fa /
Statement of responsibility, etc. Zhu jia jun zhu.
250 ## - EDITION STATEMENT
Linkage 880-02
Edition statement Chu ban.
260 ## - PUBLICATION, DISTRIBUTION, ETC.
Linkage 880-03
Place of publication, distribution, etc. Tai bei shi :
Name of publisher, distributor, etc. Zhu Jiajun ,
Date of publication, distribution, etc. Minguo 45 [1956]
300 ## - PHYSICAL DESCRIPTION
Extent 12, 124 p.
Dimensions 19 cm.
650 #0 - SUBJECT ADDED ENTRY--TOPICAL TERM
Topical term or geographic name entry element Corporation law
Geographic subdivision Taiwan.
880 10 - ALTERNATE GRAPHIC REPRESENTATION
Linkage 245-01/$1
a 公司法 /
c 諸家駿著.
880 ## - ALTERNATE GRAPHIC REPRESENTATION
Linkage 250-02/$1
a 初版.
880 ## - ALTERNATE GRAPHIC REPRESENTATION
Linkage 260-03/$1
a 台北市 :
b 諸家駿,
c 民國45 [1956]

No items available.

Powered by Koha